000 00728nam a22001817a 4500
003 UA-OsUOA
001 16117
007 ta
008 20031220b un ||||| |||| 00| 0 ukr d
100 _aРижий М.
942 _cSA
040 _aUA-OsUOA
_cUA-OsUOA
_dUA-OsUOA
245 _aУсе з минулого зростає: [Спогади педагога, краєзнавця, літератора і публіциста М. Рижого з с. Каноничі Володимирец. р-ну про рідний край]
300 _aС.4
955 _a0
773 0 _w0
_tВолодимирецький вісник
_dВолодимирець
_d2003
_g№91/92/ 15 листоп./
650 7 _aКраєзнавство
_2UDC
999 _c302282
_d302282